[Event "Coimbra op"]
[Site "Coimbra"]
[Date "2014.04.25"]
[Round "2"]
[White "Rodrigues, Pedro Serpa Barata"]
[Black "Atalaia, Manuel Ferreira Cos"]
[Result "0-1"]
[WhiteElo "1296"]
[BlackElo "1658"]
[PlyCount "112"]
[EventDate "2014.04.25"]
[EventType "swiss"]
[EventRounds "7"]
[EventCountry "POR"]
[SourceTitle "CBM 160 Extra"]
[Source "ChessBase"]
[SourceDate "2014.07.01"]
[SourceVersion "1"]
[SourceVersionDate "2014.07.01"]
[SourceQuality "1"]

1. e4 d5 2. exd5 Nf6 3. c4 c6 4. dxc6 Nxc6 5. Nf3 e5 6. Nc3 e4 7. Qe2 Qe7 8. Nxe4 Nxe4 9. d3 Nc5 10. a3 Nxd3+ 11. Kd1 Qxe2+ 12. Bxe2 Nxf2+ 13. Kc2 Bf5+ 14. Kb3 Nxh1 15. Be3 0-0-0 16. Nh4 Bd7 17. Bf3 Re8 18. Bd2 Nf2 19. Rf1 Bc5 20. Bc3 f6 21. g3 Re3 22. Ka2 Rhe8 23. Rxf2 Rxc3 24. bxc3 Bxf2 25. Kb2 Bg1 26. h3 Bxh3 27. g4 Ne5 28. Bd1 Rd8 29. Bc2 Nxc4+ 30. Kb3 Nd2+ 31. Kb2 Bxg4 32. Bxh7 Rh8 33. Bf5+ Kd8 34. Ng6 Bxf5 35. Nxh8 Ke7 36. Kc1 Be3 37. Kd1 Bd3 38. Ke1 g5 39. Ng6+ Bxg6 40. Ke2 Bf4 41. c4 g4 42. c5 Be4 43. c6 bxc6 44. a4 g3 45. a5 g2 46. a6 g1N+ 47. Kf2 Nh3+ 48. Ke2 c5 49. Kd1 c4 50. Kc1 Nf2 51. Kb2 Kd6 52. Kc3 Kc5 53. Kb2 Kb4 54. Kc1 Ka4 55. Kb2 Be5+ 56. Kc1 Nb3# 0-1

[Event "POR-ch qual"]
[Site "Amadora"]
[Date "2011.09.10"]
[Round "8"]
[White "Nunes, Adelino Vitor"]
[Black "Atalaia, Manuel Ferreira Cos"]
[Result "0-1"]
[WhiteElo "1608"]
[BlackElo "1658"]
[PlyCount "74"]
[EventDate "2011.09.03"]
[EventType "swiss"]
[EventRounds "9"]
[EventCountry "POR"]
[SourceTitle "CBM 144 Extra"]
[Source "ChessBase"]
[SourceDate "2011.10.28"]
[SourceVersion "1"]
[SourceVersionDate "2011.10.28"]
[SourceQuality "1"]

1. e4 c6 2. g3 d5 3. Bg2 dxe4 4. Bxe4 Nf6 5. Bg2 e5 6. d3 Bc5 7. h3 0-0 8. Ne2 Be6 9. 0-0 Bd5 10. Nbc3 Bxg2 11. Kxg2 Nbd7 12. a3 a5 13. b3 Qe7 14. Bb2 Rad8 15. Qe1 b5 16. a4 b4 17. Ne4 Bb6 18. c3 c5 19. c4 Ne8 20. Rd1 f5 21. Nd2 f4 22. Nf3 Bc7 23. Nxf4 Qd6 24. Nd5 Bb8 25. Qe3 Nef6 26. Nxf6+ Rxf6 27. Rfe1 Rdf8 28. Bxe5 Nxe5 29. Qxe5 Rxf3 30. Qxd6 Rxf2+ 31. Kg1 Bxd6 32. Re8 Bxg3 33. Re3 Bh4 34. Re5 Rb2 35. Rxc5 Bf2+ 36. Kh1 Bxc5 37. d4 Bxd4 0-1

[Event "POR-ch qual"]
[Site "Amadora"]
[Date "2011.09.06"]
[Round "4"]
[White "Guerreiro, Nuno M"]
[Black "Atalaia, Manuel Ferreira Cos"]
[Result "1-0"]
[WhiteElo "2070"]
[BlackElo "1665"]
[PlyCount "67"]
[EventDate "2011.09.03"]
[EventType "swiss"]
[EventRounds "9"]
[EventCountry "POR"]
[SourceTitle "CBM 144 Extra"]
[Source "ChessBase"]
[SourceDate "2011.10.28"]
[SourceVersion "1"]
[SourceVersionDate "2011.10.28"]
[SourceQuality "1"]

1. e4 e5 2. Nf3 Nc6 3. Bb5 a6 4. Ba4 Nf6 5. 0-0 b5 6. Bb3 Be7 7. Re1 d6 8. a4 Bg4 9. c3 0-0 10. d3 Qd7 11. Nbd2 Na5 12. Bc2 c5 13. Nf1 Nc6 14. Ng3 b4 15. h3 Be6 16. Ng5 bxc3 17. bxc3 Rab8 18. Nxe6 fxe6 19. Bb3 Kh8 20. Bc4 a5 21. Bb5 Ne8 22. Qg4 Rb6 23. Nh5 g6 24. Ng3 Bf6 25. Bd2 Qe7 26. Rab1 Nc7 27. Bxc6 Rxc6 28. Rb7 Qd8 29. c4 Qa8 30. Reb1 d5 31. exd5 exd5 32. Qd7 Qa6 33. cxd5 Nxd5 34. Qxh7# 1-0